| 000 | 00598nam a2200229 a 4500 | ||
|---|---|---|---|
| 001 | BRCA_6899 | ||
| 005 | 20190321142935.0 | ||
| 008 | 151111s1918----gw-#######---#000-0#ger-# | ||
| 041 | _ager | ||
| 044 | _agw | ||
| 050 | 4 | _b.S77 1918 | |
| 100 | 1 |
_aStratz, Rudolf _917181 |
|
| 245 | 1 | 0 |
_aFriede auf Erden! _cvon Rudolph Stratz. |
| 260 |
_aBerlín ; Viena _bUllstein _c1918 |
||
| 300 |
_a185 p. _c15 cm. |
||
| 440 | 0 |
_aUllstein-Bücher _v100 _917182 |
|
| 500 | _aEstado físico: encuadernanción desprendida | ||
| 500 | _aL155 | ||
| 650 | 1 | 4 |
_aLiteratura _916400 |
| 902 | _aGFM | ||
| 942 |
_2lcc _cB |
||
| 999 |
_c6581 _d6581 |
||